Quién soy
Enregistré dans:
| Auteur principal: | |
|---|---|
| Format: | Livre |
| Langue: | espagnol |
| Publié: |
Santiago
Nascimento
1983
|
| Collection: | Quién es Quién en las Letras Chilenas
|
| Sujets: | |
| Tags: |
Ajouter un tag
Pas de tags, Soyez le premier à ajouter un tag!
|
MARC
| LEADER | 00000nam a2200000 a 4500 | ||
|---|---|---|---|
| 001 | UCZ2858 | ||
| 003 | CL-VaPUC | ||
| 008 | 951013e19830000CL |||||||||||||||||spa|d | ||
| 082 | 0 | 4 | |a Ch863 |b SKI |2 21 |
| 100 | 0 | |a Skinner Z., Enrique |e author |9 346641 | |
| 245 | 1 | 0 | |a Quién soy |
| 300 | |a 39 p | ||
| 942 | |c BK | ||
| 945 | |d 19951013 00:00:00 |a rbrito | ||
| 260 | |a Santiago |b Nascimento |c 1983 | ||
| 650 | 0 | |a Biografías |9 255210 | |
| 650 | 0 | |a Literatura chilena |9 308278 | |
| 650 | 0 | |a Novela chilena |9 307631 | |
| 583 | |a last modification |c 20150113 05:36:46 |k Rodrigo Vera | ||
| 490 | 0 | |a Quién es Quién en las Letras Chilenas | |
| 999 | |c 239406 |d 239404 | ||
| 952 | |0 0 |1 0 |4 0 |6 CH_863_000000000000000_SKI_1983 |7 0 |8 A |9 250509 |a BIBEDU |b BIBEDU |d 2019-11-18 |i 2005220 |o Ch863 SKI 1983 |p 2005220 |r 2019-11-18 |w 2019-11-18 |y BK |k LIT | ||